| 000 | 00725nam a22002417a 4500 | ||
|---|---|---|---|
| 008 | 130903b xxu||||| |||| 00| 0 eng d | ||
| 020 | _a81-213-1036-6 | ||
| 024 | _cAvailable | ||
| 037 | _cAvailable | ||
| 040 |
_aMBSTU LIBRARY _dMBSTU LIBRARY |
||
| 082 |
_222 _a301 RAS |
||
| 100 | _aRao, C.N. Sharker. | ||
| 245 | _aSociology: primary principles of sociology with AN. | ||
| 260 |
_aNew Delhi _bS.Chand and Company. _c2001 |
||
| 300 |
_a24 cm. _b695 page _f10 _g24 cm. |
||
| 600 | _2Sociolgy. | ||
| 650 | _2Sociolgy. | ||
| 700 | _aRao, C.N. Sharker. | ||
| 270 |
_aNew Delhi _bNew Delhi _dIndia |
||
| 365 |
_b175.00 _d175.00 |
||
| 942 |
_2ddc _cBK |
||
| 999 |
_c648 _d648 |
||